| 000 | 00735nam a2200205 a 4500 | ||
|---|---|---|---|
| 001 | 000030789 | ||
| 005 | 20250701130238.0 | ||
| 008 | 110530s1990 dr a r 000 0 spa d | ||
| 040 |
_aDO-SdBNP _bspa _cBNPHU |
||
| 082 |
_a791.43 _bS211a |
||
| 100 | 1 |
_aSánchez Antonio, Enrique Liranzo, _d1958- _957348 |
|
| 245 | 1 | 0 |
_aApreciación cinematográfica : _bhistoria del cine / _cEnrique A. Sánchez L. |
| 260 |
_aSanto Domingo : _bArte y Diagramación, _c1990. |
||
| 300 |
_a38 p. : _bil. ; _c20 cm. |
||
| 590 | _aPerteneció a la biblioteca personal de Juan Isidro Jimenes Grullón | ||
| 590 | _aInventariado, 2018/BT | ||
| 650 | 4 |
_aCine _xHistoria _957349 |
|
| 650 | 0 |
_aCinematografía _928400 |
|
| 910 | _aValidado. Control de calidad. MFF | ||
| 999 |
_c30281 _d30281 |
||